000 00718nam a2200289Ia 4500
005 20260324141757.0
008 008 260324s9999 xx 000 0 eng d
020 _a9780203453858
037 _aEBOOK
040 _aCRL
040 _beng
040 _cCRL
041 _2eng
041 _aeng
084 _qCRL
100 _aMichael Peters; James Marshall
_91209471
245 0 _aIndividualism And Community
245 0 _bEducation And Social Policy In The Postmodern Condition
260 _bTaylor and Francis
260 _c1996
365 _a
365 _b290
856 _uhttp://www.taylorfrancis.com/books/9780203453858
942 _cEBOOK
999 _c1812924
_d1812924